The Oxford companion to Indian archaeology : (Record no. 17656)

MARC details
000 -LEADER
fixed length control field 00888nam a22002177a 4500
005 - DATE AND TIME OF LATEST TRANSACTION
control field 20081022122725.0
008 - FIXED-LENGTH DATA ELEMENTS--GENERAL INFORMATION
fixed length control field 081022t xxu||||| |||| 00| 0 eng d
010 ## - LIBRARY OF CONGRESS CONTROL NUMBER
LC control number ENG-84318
020 ## - INTERNATIONAL STANDARD BOOK NUMBER
International Standard Book Number 0195673425
020 ## - INTERNATIONAL STANDARD BOOK NUMBER
Terms of availability 2250.00 (hb)
035 ## - SYSTEM CONTROL NUMBER
System control number EN-67851
082 ## - DEWEY DECIMAL CLASSIFICATION NUMBER
Classification number 934 / CHA
100 ## - MAIN ENTRY--PERSONAL NAME
Personal name Chakrabarti, Dilip K
245 ## - TITLE STATEMENT
Title The Oxford companion to Indian archaeology :
Remainder of title the archaeological foundations of ancient India stone age to AD 13th century /
Statement of responsibility, etc by Dilip K Chakrabarti
260 ## - PUBLICATION, DISTRIBUTION, ETC. (IMPRINT)
Place of publication, distribution, etc New Delhi
Name of publisher, distributor, etc Oxford University Press
Place of manufacture YMCA Library Building, Jai Singh Road, New Delhi-110001
260 ## - PUBLICATION, DISTRIBUTION, ETC. (IMPRINT)
Date of publication, distribution, etc 2006
300 ## - PHYSICAL DESCRIPTION
Extent xiii,570p
Other physical details ill
Dimensions 27cm
500 ## - GENERAL NOTE
General note Includes bibliographical references and index
942 ## - ADDED ENTRY ELEMENTS (KOHA)
Source of classification or shelving scheme Dewey Decimal Classification
Koha item type English Books
Classification part 934
Call number suffix CHA
Holdings
Withdrawn status Lost status Source of classification or shelving scheme Damaged status Not for loan Collection code Home library Current library Date acquired Cost, normal purchase price Total Checkouts Full call number Barcode Date last seen Copy number Cost, replacement price Price effective from Koha item type
    Dewey Decimal Classification   Not For Loan Non-fiction D.B.Act.Division D.B.Act.Division 02/03/2007 2250.00   934 CHA EN-67851 04/11/2008 1 2250.00 04/11/2008 English Books

© Delhi Public Library
Hit Counter
free hit counter